Una nota falsa (Record no. 181042)

MARC details
000 -LÍDER
campo de controle de tamanho fixo 00303 a2200145 4500
001 - NÚMERO DE CONTROLE
campo de controle 181042
020 ## - ISBN - INTERNATIONAL STANDARD BOOK NUMBER
ISBN - International Standard Book Number
040 ## - FONTE DA CATALOGAÇÃO
Instituição que transcreveu o registro Magnum
100 ## - ENTRADA PRINCIPAL--NOME PESSOAL
Nome pessoal Miguel, Lourdes
240 10 - TÍTULO UNIFORME
Título uniforme Una nota falsa
Idioma da obra ESP
245 10 - TÍTULO
Título Una nota falsa
362 0# - DATAS DE PUBLICAÇÃO E/OU DESIGNAÇÃO SEQUENCIAL
Datas de publicação e/ou designação sequencial 1899
697 ## - ENTRADA DE ASSUNTO LOCAL--ENTIDADE COLETIVA (RLIN)
Nome corporativo ou nome da jurisdição MAGNITO: LITERATURA ESTRANGEIR
942 ## - ELEMENTOS DE ENTRADA ADICIONADOS (KOHA)
Tipo de material Koha Livros
Holdings
Situação do descarte Situação das perdas Situação física Não pode ser emprestado Biblioteca de origem Biblioteca atual Data de aquisição Total de empréstimos Número de chamada completo Código de barras Data de último acesso Data do preço efetivo Tipo de material Koha
        Magnum Magnum 08/06/2024   LI.02941 MAG00030957 08/06/2024 08/06/2024 Livros